<?xml version="1.0" encoding="utf-8"?>
<?xml-stylesheet type='text/xsl' href='./oai2.xsl'?>
<OAI-PMH xmlns="http://www.openarchives.org/OAI/2.0/" xmlns:xsi="http://www.w3.org/2001/XMLSchema-instance" xsi:schemaLocation="http://www.openarchives.org/OAI/2.0/ http://www.openarchives.org/OAI/2.0/OAI-PMH.xsd">
  <responseDate>2026-05-16T23:39:18Z</responseDate>
  <request verb="GetRecord" metadataPrefix="marcxml" identifier="record_kuniweb_22006">https://kulturerbe.niedersachsen.de/oai</request>
  <GetRecord>
    <record>
      <header>
        <identifier>record_kuniweb_22006</identifier>
        <datestamp>2015-06-19T12:07:43Z</datestamp>
        <setSpec>slg0103</setSpec>
      </header>
      <metadata>
        <marc:record xmlns:marc="http://www.loc.gov/MARC21/slim" xsi:schemaLocation="http://www.loc.gov/MARC21/slim http://www.loc.gov/standards/marcxml/schema/MARC21slim.xsd">
          <marc:leader>12345nem  22     uu 4500</marc:leader>
          <marc:controlfield tag="001">22006</marc:controlfield>
          <marc:controlfield tag="003">http://kuniweb.gbv.de</marc:controlfield>
          <marc:controlfield tag="005">2015-04-15T10:13:20</marc:controlfield>
          <marc:controlfield tag="008">|           ||||||||||||||||||||||</marc:controlfield>
          <marc:datafield tag="245" ind1="1" ind2="0">
            <marc:subfield code="a">Typus Frisiae orientalis</marc:subfield>
          </marc:datafield>
          <marc:datafield tag="700" ind1="1" ind2=" ">
            <marc:subfield code="a">Blommaerts</marc:subfield>
            <marc:subfield code="e">Vorbild / Ideengeber</marc:subfield>
          </marc:datafield>
          <marc:datafield tag="700" ind1="1" ind2=" ">
            <marc:subfield code="a">Emmius</marc:subfield>
            <marc:subfield code="d">* 1547 † 1625</marc:subfield>
            <marc:subfield code="e">Zeichner</marc:subfield>
          </marc:datafield>
          <marc:datafield tag="655" ind1=" " ind2="7">
            <marc:subfield code="a">Karten</marc:subfield>
          </marc:datafield>
          <marc:datafield tag="046" ind1=" " ind2=" ">
            <marc:subfield code="k">1595</marc:subfield>
            <marc:subfield code="k">Erstveröffentlichung 1595</marc:subfield>
          </marc:datafield>
          <marc:datafield tag="260" ind1=" " ind2=" ">
            <marc:subfield code="g">1595</marc:subfield>
            <marc:subfield code="g">Erstveröffentlichung 1595</marc:subfield>
          </marc:datafield>
          <marc:datafield tag="300" ind1=" " ind2=" ">
            <marc:subfield code="a">Höhe: 37,5 cm
Breite: 49 cm</marc:subfield>
          </marc:datafield>
          <marc:datafield tag="520" ind1=" " ind2=" ">
            <marc:subfield code="a">Maßstäbe (in cm): 1 gewöhnliche deutsche Meile = 3,0
Ausrichtung: Norden
Rückseite: Blatt 41, zwei volle Seiten französischer Text über Ostfriesland, siebenzeilige Initiale, Textübergang mar-, Ordnungsmarkierung N

Anmerkungen: 
Das Reichswappen oben links steht für die vom Kaiser geschaffene Reichsgrafschaft in Ostfriesland, das Wappen oben rechts mit dem sog. Jungfrauenadler für die Grafenfamilie der Cirksena. – Im Auricher Land trägt ein Weg durch das Moor die Bezeichnung „Spetze“. Auf der Karte Ostfriesland 03 zeigt sich „De Spetze“ als eine Dammkonstruktion. – An neuen Verkehrswegen fügte ein späterer Bearbeiter der ursprünglichen Emmius-Karte den Ellenser Damm von 1615 im stark verzeichneten Jadebusen und den Kanal zwischen Papenburg und der Ems von 1631 hinzu. – Zur Nebenkarte vgl. Karte Ostfriesland 03 - Emmius tätigte eigene Vermessungen Anfang der 1590er Jahre.  

Literatur in Zusammenhang:
C. Koeman und Krogt, P. C. J. van der, „The folio atlases published by Willem Jansz. Blaeu and Joan Blaeu. Koeman's atlantes Neerlandici ; Vol. 2“. HES, 't Goy-Houten, 2000. (Nr. 2310:2.2, 2:113 oder 2:211.1, S. 68, 139 f., 513)

Veröffentlicht in:
G. Blaeu, Blaeu, I., und Blaeu, C., „Le Theatre Du Monde, ou Nouvel Atlas. Le Theatre Du Monde, ou Nouvel Atlas / 1,2“. Iean &amp;amp; Corn. Blaeu, Amsterdam, 1640. (von und bei Willem und Joan Blaeu, 1638, Blatt 41; und in dem ersten Band der dreibändigen Ausgabe bei Joan und Willem F. Blaeu, 1643,)

Literatur in Zusammenhang:
H. Leerhoff, „Niedersachsen in alten Karten : eine Auswahl von Karten des 16. bis 18. Jahrhunderts aus den niedersächsischen Staatsarchiven“. Wachholtz, Neumünster, 1985. (S. 15 f, 76 ff.)

Literatur in Zusammenhang:
W. J. Kuppers, „Ubbo Emmius, een Oostfries geleerde in Groningen : [deze bundel ist tot stand gekomen ter gelegenheid van de Tentoonstelling "Ubbo Emmius en Zijn Tijd, Groningen en Oost-Friesland rond 1600"] = Ubbo Emmius, ein Ostfriesischer Gelehrter in Groningen. Ubbo Emmius, ein Ostfriesischer Gelehrter in Groningen“. Groningen [u.a.], 1994. (Reiner Sonntag: Zur Ostfriesland-Karte des Ubbo Emmius und ihrer Zustandsfolge: (S. 130 bis 145), S. 143)

Literatur in Zusammenhang:
C. Koeman und Homan, H. J., „Van der Aa - Blaeu. Atlantes Neerlandici ; Vol. 1“. Theatrum Orbis Terrarum, Amsterdam, 1967. (S. 117 Bl 16 A Nr. 33 und S. 122 Bl 16 B Nr. 33)

Literatur in Zusammenhang:
A. W. Lang, „Die Erstausgabe der Ostfrieslandkarte des Ubbo Emmius (1595) : Erläuterungen zur Lichtdruckausgabe. Typus Frisiae orientalis .. Nordseeküste ; 5“. Verl. Die Bake, Juist, 19621595. (S. 31 ff.)</marc:subfield>
          </marc:datafield>
          <marc:datafield tag="650" ind1="1" ind2=" ">
            <marc:subfield code="a">Landkarte</marc:subfield>
          </marc:datafield>
          <marc:datafield tag="773" ind1="0" ind2=" ">
            <marc:subfield code="t">Sammlung Körber-Einbeck</marc:subfield>
          </marc:datafield>
          <marc:datafield tag="852" ind1=" " ind2=" ">
            <marc:subfield code="a">Institut für Historische Landesforschung der Universität Göttingen</marc:subfield>
          </marc:datafield>
          <marc:datafield tag="" ind1=" " ind2=" ">
            <marc:subfield code="a">Namensnennung-Nicht kommerziell 4.0 International (CC BY-NC 4.0))</marc:subfield>
          </marc:datafield>
        </marc:record>
      </metadata>
    </record>
  </GetRecord>
</OAI-PMH>
